MLB Teams I Like The Most - Statistics

General Stats
  • This quiz has been taken 14 times
  • The average score is 12 of 15
Answer Stats
Hint Answer % Correct
again no hint Mets
100%
Dodgers
92%
Yankees
92%
Giants
85%
Red Sox
85%
Angels
77%
Braves
77%
mariners
77%
Marlins
77%
Phillies
77%
Astros
69%
Athletics
69%
Nationals
69%
Cubs
62%
Rangers
62%
No matching quizzes found
Score Distribution
Percent of People with Each Score
Percentile by Number Answered
Your Score History
You have not taken this quiz